|
|
|
|
| LEADER |
01195nam a2200253 a 4500 |
| 001 |
1508103 |
| 008 |
100125s1990 coua b 001 0 eng d |
| 010 |
|
|
|a \\\89014634
|
| 020 |
|
|
|a 0813378370 (alk. paper) :
|c $27.95
|
| 040 |
|
|
|a DLC
|c DLC
|d DLC
|d BD-DhAAL
|
| 082 |
0 |
0 |
|a 333.75
|2 20
|
| 245 |
0 |
0 |
|a Community and forestry :
|b continuities in the sociology of natural resources /
|c edited by Robert G. Lee, Donald R. Field, and William R. Burch, Jr. ; with a foreword by Cecil D. Andrus.
|
| 260 |
|
|
|a Boulder :
|b Westview Press,
|c 1990.
|
| 300 |
|
|
|a xiv, 301 p. :
|b ill. ;
|c 22 cm.
|
| 490 |
0 |
|
|a Social behavior and natural resources series
|
| 504 |
|
|
|a Includes bibliographical references and index.
|
| 541 |
1 |
|
|e 00004263
|
| 650 |
|
0 |
|a Forestry and community.
|
| 700 |
1 |
|
|a Lee, Robert G.
|
| 700 |
1 |
|
|a Field, Donald R.
|
| 700 |
1 |
|
|a Burch, William R.,
|d 1933-
|
| 852 |
4 |
|
|a Ayesha Abed Library
|j General shelf
|
| 999 |
|
|
|c 7178
|d 7178
|
| 952 |
|
|
|0 0
|1 0
|2 ddc
|4 0
|6 333_750000000000000_COM_1990
|7 0
|9 7465
|a BRACUL
|b BRACUL
|c GEN
|d 2010-01-26
|g 3382.00
|l 3
|m 11
|o 333.75 COM
|p 3010004263
|r 2026-05-16
|s 2023-10-25
|t 1
|v 3382.00
|w 2010-01-26
|y BK
|z Lost and paid for Community and forestry (Acc#4263) Tk. 3382, Receipt # 63519
|